000 00188nam a2200085 4500
001 1254959
005 20251202103053.0
245 _aYABAN
_cYAKUP KADRİ KARAOSMANOĞLU
260 _bİLETİŞİM
999 _c1254959
_d1254959